Entry Nombre personal
001 - NÚMERO DE CONTROL
- campo de control: 18099
003 - IDENTIFICADOR DE NÚMERO DE CONTROL
- campo de control: SpMaBN
005 - FECHA Y HORA DE LA ÚLTIMA TRANSACCIÓN
- campo de control: 20230620121829.0
008 - ELEMENTOS DE DATO DE LONGITUD-FIJA
- campo de control de longitud fija: 900725nn aijnnaabn n aaa
016 ## - NÚMERO DE CONTROL DE UNA AGENCIA BIBLIOGRÁFICA NACIONAL
- Número de control del registro: BNE19960811910
024 7# - IDENTIFICADOR DE OTROS ESTÁNDARES
- Número estándar o código: http://viaf.org/viaf/95930196/
- Fuente: viaf
024 7# - IDENTIFICADOR DE OTROS ESTÁNDARES
- Número estándar o código: https://isni.org/isni/0000000386594294
- Fuente: isni
040 ## - FUENTE DE CATALOGACIÓN
- Centro catalogador/agencia de origen: SpMaBN
- Lengua de catalogación: spa
- Centro/agencia transcriptor: SpMaBN
- Normas de descripción: rdc
- Convención/Normas de encabezamiento de materia/tesauro: embne
- Centro/agencia modificador: ES-MaACL
046 ## - FECHAS CON CODIFICACIÓN ESPECIAL
- Fecha de nacimiento: 1892-09-12
- Fecha de la muerte: 1974
100 1# - ENCABEZAMIENTO-NOMBRE DE PERSONA
- Nombre de persona: Abin, César,
- Fechas asociadas al nombre: 1892-1974
370 ## - LUGAR ASOCIADO
- Lugar de nacimiento: España, Cantabria (Comunidad Autónoma), Cabezón de la Sal
- Fuente del término: embne
370 ## - LUGAR ASOCIADO
- Lugar de fallecimiento: Francia, Île-de-France, París
372 ## - CAMPO DE ACTIVIDAD
- Campo de actividad: Pinturas
- Campo de actividad: Dibujos
- Campo de actividad: Caricaturas
- Fuente del término: tgfbne
374 ## - OCUPACIÓN
- Ocupación: Pintores
- Ocupación: Dibujantes
- Ocupación: Caricaturistas
- Fuente del término: embne
375 ## - GÉNERO/SEXO
- Género: Masculino
377 ## - IDIOMA ASOCIADO
- Término de lengua/lenguaje: Español
400 1# - TRAZADO DE VÉASE--NOMBRE DE PERSONA
- Nombre de persona: Abin,
- Fechas asociadas al nombre: 1892-1974
400 1# - TRAZADO DE VÉASE--NOMBRE DE PERSONA
- Nombre de persona: Abin, C.,
- Fechas asociadas al nombre: 1892-1974
400 1# - TRAZADO DE VÉASE--NOMBRE DE PERSONA
- Nombre de persona: Abín, César Jenaro,
- Fechas asociadas al nombre: 1892-1974
670 ## - FUENTE DE DATOS ENCONTRADOS
- Cita de la fuente: Retratos de artistas, críticos de arte y marchands, 1973;
- Información encontrada: port. (Cesar Abín)
670 ## - FUENTE DE DATOS ENCONTRADOS
- Cita de la fuente: Dic. de pintores y escultores del siglo XX, 1994;
- Información encontrada: (Abín, César; n. 12-9-1892, en Cabezón de la Sal -m. 1974, en París; pintor, dibujante y caricaturista)
670 ## - FUENTE DE DATOS ENCONTRADOS
- Cita de la fuente: WWW Negritasycursivas, 3-9-2018;
- Información encontrada: (César Jenaro Abín, 1892-1974)
- Identificador Uniforme de Recursos: https://negritasycursivas.wordpress.com/tag/cesar-abin/
670 ## - FUENTE DE DATOS ENCONTRADOS
- Cita de la fuente: WWW Bn España aut., 20-6-2023;
- Información encontrada: (Abin, César, 1892-1974)
955 ## - CATALOGADOR - EDICIÓN
- Nombre del catalogador: Julia Mas Vieira
